Птица изгнанья (Запись № 6960328)

Подробности
000 -МАРКЕР
контрольное поле 01772nam0a22002531 4500
001 - ИДЕНТИФИКАТОР ЗАПИСИ
контрольное поле rc\422219
005 - ИДЕНТИФИКАТОР ВЕРСИИ
контрольное поле 20250621081200.0
035 ## - ДРУГИЕ СИСТЕМНЫЕ НОМЕРА
Идентификатор записи (NLR Aleph) 005669646
100 ## - ДАННЫЕ ОБЩЕЙ ОБРАБОТКИ
Данные общей обработки 20030616d1987 |||y0rusy50 ca
101 0# - ЯЗЫК РЕСУРСА
Язык текста, звукозаписи и т.д. русский
102 ## - СТРАНА ПУБЛИКАЦИИ ИЛИ ПРОИЗВОДСТВА
Страна публикации Российская Федерация
105 ## - ПОЛЕ КОДИРОВАННЫХ ДАННЫХ: ТЕКСТОВЫЕ МАТЕРИАЛЫ, МОНОГРАФИЧЕСКИЕ
Кодированные данные о монографическом текстовом документе y |||||||||
200 1# - ЗАГЛАВИЕ И СВЕДЕНИЯ ОБ ОТВЕТСТВЕННОСТИ
Основное заглавие Птица изгнанья
Сведения, относящиеся к заглавию Избр. произведения
-- Пер. с араб.
Первые сведения об ответственности Махмуд. Дервиш
Последующие сведения об ответственности [Послесл. А. Алимжанова]
210 ## - ПУБЛИКАЦИЯ, РАСПРОСТРАНЕНИЕ И ДР.
Место издания, распространения и т.д. М.
Имя издателя, распространителя и т. д. Радуга
Дата издания, распространения и т.д. 1987
215 ## - ФИЗИЧЕСКАЯ ХАРАКТЕРИСТИКА
Специфическое обозначение материала и объем 326, [1] с.
Размеры 17
327 1# - ПРИМЕЧАНИЯ О СОДЕРЖАНИИ
Текст примечания Содерж.: Из сб.: "Листья оливы", "Влюбленный из Палестины", "Последняя ночь", "Моя любимая пробуждается ото сна", "Птицы умирают в Гилилее", "Люблю тебя или нет", "Попытка № 7", "Свадьба", "Осада песен моря"
464 #0 - АНАЛИТИЧЕСКИЙ УРОВЕНЬ
Встроенное поле 2001#$aˆ"‰Листья оливы", "Влюбленный из Палестины", "Последняя ночь", "Моя любимая пробуждается ото сна", "Птицы умирают в Гилилее", "Люблю тебя или нет", "Попытка № 7", "Свадьба", "Осада песен моря"
Заглавие ˆ"‰Листья оливы", "Влюбленный из Палестины", "Последняя ночь", "Моя любимая пробуждается ото сна", "Птицы умирают в Гилилее", "Люблю тебя или нет", "Попытка № 7", "Свадьба", "Осада песен моря"
700 #1 - ИМЯ ЛИЦА - ПЕРВИЧНАЯ ОТВЕТСТВЕННОСТЬ
Начальный элемент ввода Дервиш
Часть имени, кроме начального элемента ввода М.
Даты 1939-
Расширение инициалов личного имени Махмуд
801 #0 - ИСТОЧНИК ЗАПИСИ
Страна Российская Федерация
Организация NLR
Правила каталогизации psbo
801 #1 - ИСТОЧНИК ЗАПИСИ
Страна Российская Федерация
Организация ELAR
Источник данных rusmarc
852 ## - МЕСТОНАХОЖДЕНИЕ И ШИФР ХРАНЕНИЯ
Идентификатор организации NLR
Шифр хранения (Call Number) 87-2/1724
942 ## - ДОПОЛНИТЕЛЬНЫЕ ЭЛЕМЕНТЫ ЗАПИСИ (АБИС)
Тип экземпляра АБИС Книга
980 ## - КОЛЛЕКЦИЯ
Название коллекции Национальная библиография
Экземпляры
Тип экземпляра Дата поступления Библиотека постоянного хранения Библиотека текущего хранения Место хранения Шифр хранения Штрих-код Статус экземпляра
Книга 26.10.2013 РНБ (Московский) РНБ (Московский) Русский книжный фонд: издания с 1957 года 87-2/1724 5669646-10